Программирование радиационного воздействия при загрязнении воды в районах морского промысла; Атомная энергия; Т. 100, вып. 2

Chi tiết về thư mục
Parent link:Атомная энергия: теоретический и научно-технический журнал/ Российская академия наук ; Министерство РФ по атомной энергии, ядерного общества.— , 1956-.— 0004-7163
Т. 100, вып. 2.— 2006.— с. 83-86
Tác giả chính: Ганул М. Н.
Tác giả khác: Кучин Н. Л., Сергеев И. В.
Ngôn ngữ:Tiếng Nga
Được phát hành: 2006
Loạt:Статьи
Những chủ đề:
Định dạng: MixedMaterials Chương của sách
KOHA link:https://koha.lib.tpu.ru/cgi-bin/koha/opac-detail.pl?biblionumber=426350

MARC

LEADER 00000naa2a2200000 4500
001 426350
005 20231101074519.0
035 |a (RuTPU)RU\TPU\prd\85085 
035 |a RU\TPU\prd\43478 
090 |a 426350 
100 |a 20100702a2006 k y0rusy50 ca 
101 0 |a rus 
102 |a RU 
200 1 |a Программирование радиационного воздействия при загрязнении воды в районах морского промысла  |f М. Н. Ганул, Н. Л. Кучин, И. В. Сергеев 
225 1 |a Статьи 
320 |a Библиогр.: 7 назв. 
461 0 |0 (RuTPU)RU\TPU\prd\33  |x 0004-7163  |t Атомная энергия  |o теоретический и научно-технический журнал  |f Российская академия наук ; Министерство РФ по атомной энергии, ядерного общества  |d 1956- 
463 0 |0 (RuTPU)RU\TPU\prd\85084  |t Т. 100, вып. 2  |v с. 83-86  |d 2006 
610 1 |a радиационное воздействие 
610 1 |a прогнозирование 
610 1 |a вода 
610 1 |a загрязнение 
610 1 |a морские промыслы 
610 1 |a морская среда 
610 1 |a радиактивные загрязнения 
610 1 |a морепродукты 
610 1 |a потребление 
610 1 |a население 
610 1 |a облучение 
610 1 |a радионуклиды 
610 1 |a дозовые коэффициенты 
675 |a 551.46:539.16  |v 3 
700 1 |a Ганул  |b М. Н. 
701 1 |a Кучин  |b Н. Л. 
701 1 |a Сергеев  |b И. В. 
801 1 |a RU  |b 63413507  |c 20060516  |g PSBO 
801 2 |a RU  |b 63413507  |c 20100702  |g PSBO 
942 |c BK